000 00565nam a2200193Ia 4500
008 130621t2011 xxu||||| |||| 00| 0 sin d
041 _asin
080 _a8-31 (Sinhala)
_bNIR
100 _aNiriella,Sharmila Jayasinghe
245 _aසමනල හාදුව
246 _aSamanala Haduwa
260 _aSooriya
_aColombo
_c2011
300 _b1706s21 cm
500 _aSinhalese translation of Sharmila Jayasinghe niriella's of Butterfly Kisses
700 _aDe Silva,Anula
_etr.
942 _cBK
999 _c42440
_d42440
003 LK-CoDNM
040 _aLK-CoDNM
_dLK-CoDNM
_eLK-CoDNM